guess the fnaf songs 3 - Statistics

General Stats
  • This quiz has been taken 265 times
  • The average score is 7 of 15
Answer Stats
Hint Answer % Correct
We're not like what you're thinking We're poor little souls Who have lost all control And we're forced here to take that role! Five nights at freddys
73%
I hate my metal bones My bones and gears creak in my chest My chest forever cold A cold and maddening descent dance to forget
63%
What was that noise? Bonnie is gone Honestly my skin is starting to crawl Something is coming, they're walking the halls five long nights
62%
My name is Eggs Benedict But I won't be working the breakfast shift This job had no prerequisite Does that mean I should've been hesitant you belong here
62%
Grab your only ammunition, your common sense and torch The corridors are filled with fright, when somethings on the porch How long will you last, through these memories of the past Since without a light to shine the only soul that's left is yours break my mind
56%
This reality My mentality Everything changes so rapidly And I'm ready for the never ending fire Dancing with my deepest dark desires darkest desire
55%
So dream dream dream your dream 'Cause when you're awake the nightmare awaitsSo dream dream dream your dream 'Cause when you're awake the nightmare awaits dream your dream
54%
Bring out the birthday boy, come on everyone You think that you can hide, you think you can escape? Can't stop, won't stop, until there's no more cake no more cake
50%
I'll cut you into little bitty pieces Or freeze you 'til your blood runs cold Or stab you 'til your heart stops pumpin count the ways
48%
here's a place in the dark horror stories go to hide Buried deep underground pain and torment mechanized circus of the dead
46%
Lights flicker, and the shadows crawl I wear the face of my enemy as I Hide behind the mask, hide behind the mask behind the mask
44%
Step inside, meet your doom None survive the breaker room Shut down, turn around (hahaha) Better not make a sound I know you won’t be back another round another round
41%
There was a place many years ago Where the children would come for a meal and show Oh, the horror in the corner! The quartet of terror returns they'll find you
41%
I turned a blind eye (Blind eye) But I can't do that forever I'm on the wrong side (And now) And now, I feel it more than ever disconnected
25%
Crank those gears, the music is in me Been a real long day and we're dying to be free Don't stop now, 'cause I can guarantee When the silence drops we're the last thing that you'll see showtime
21%
No matching quizzes found
Score Distribution
Percent of People with Each Score
Percentile by Number Answered
Your Score History
You have not taken this quiz